La aldea encantada / (Registro nro. 6365)
[ vista simple ]
| 000 -Cabecera (24) | |
|---|---|
| Campo de control interno | 00869nam a2200253Ia 4500 |
| 005 - Fecha y hora de la | |
| Campo de control | 20250714133918.0 |
| 008 - Códigos de longitud fija (40p) | |
| Campo de control de longitud fija | 210122b ###||||| |||| 00| 0 spa d |
| 017 ## - DEPOSITO LEGAL (PERÚ) | |
| Número Depósito Legal | 2007-13420 |
| 020 ## - INTERNATIONAL STANDARD BOOK NUMBER | |
| ISBN | 978-603-4016-54-5 |
| 040 ## - Origen de la Catalogacion | |
| Origen de la Catalogacion | BIBLIOTECA MUNICIPAL DE BARRANCO |
| Transcribing agency | BIBLIOTECA MUNICIPAL DE BARRANCO |
| 043 ## - Pais ISO | |
| País ISO | Pe. |
| 082 ## - Número de la Clasificación | |
| Numero de edición | 869.568 |
| Número de documento/Ítem | V18A 2008. |
| 100 ## - Autor Personal | |
| Autor Personal | Abraham Valdelomar |
| 245 #0 - Titulo | |
| Titulo | La aldea encantada / |
| Mencion del autor | Abraham Valdelomar ; [edición, Ana Loli]. |
| 250 ## - Mencion de edicion | |
| Edicion | 1a ed. |
| 260 ## - Pie de imprenta | |
| Ciudad | Lima : |
| Editorial | Santillana S.A. ; |
| Año | 2008. |
| 300 ## - Descripcion | |
| Páginas | 383 p. ; |
| Dimensiones | 20 cm. |
| 490 ## - Serie Colección | |
| Serie Colección | Alfaguara. Serie roja |
| 600 #0 - Punto de acceso adicional de materia - Nombre de persona (R) | |
| 9 (RLIN) | 7742 |
| Nombre de persona (NR) | Valdelomar, Abraham, 1888-1919. La aldea encantada-Crítica textual. |
| 650 #0 - Temas - Descriptores | |
| 9 (RLIN) | 7743 |
| Temas - Descriptores | Cuentos peruanos-Siglo XX. |
| 700 ## - Autor Personal | |
| 9 (RLIN) | 7744 |
| Autor Personal | Loli, Ana, 1965- |
| 942 ## - Datos personalizados Koha | |
| Tipo de Documento | Libros |
| Esquema de Clasificacion | Dewey Decimal Classification |
| Catalogador | AAOH |
| Fecha procesamiento | 2025-07-14 |
| Fuente de Clasificacion | Deterioro (estado) | Ubicacion permanente | Ubicacion actual | Fecha de Ingreso a la Biblioteca | Numero inventario | Prestamos | Signatura Topográfica | Código de barras | Ultima fecha de verificacion | Tipo de Item | Ubicación en edificio | Precio dolares | Ejemplar |
|---|---|---|---|---|---|---|---|---|---|---|---|---|---|
| Dewey Decimal Classification | Biblioteca Municipal Manuel Beingolea | Biblioteca Municipal Manuel Beingolea | 01/08/2020 | 006330 | 869.568 V18A 2008 | 006330 | 09/09/2022 | Libros | Estantería cerrada | ||||
| Dewey Decimal Classification | Biblioteca Municipal Manuel Beingolea | Biblioteca Municipal Manuel Beingolea | 07/14/2025 | 007560 | 869.568 V18A 2008 | 007560 | 07/14/2025 | Libros | Sala - Estantería abierta | Ej.2 |





